| 000 | 00856cam a2200301 i 4500 | ||
|---|---|---|---|
| 020 | _a9781597180856 | ||
| 020 | _a1597180858 | ||
| 040 | _cBNG | ||
| 082 | _a519 STA 2011 A026 Or. | ||
| 245 | 0 | 0 |
_aStata quick reference and index : _brelease 12. |
| 246 | 1 | 4 |
_aStata release 12 : _bquick reference and index |
| 246 | 1 | 8 |
_aStata 12 : _bquick reference and index |
| 260 |
_aCollege Station, Tex. : _bStataCorp LP, _c©2011. |
||
| 300 |
_ai, 189 pages ; _c24 cm. |
||
| 490 | 1 | _aStata Press Publication | |
| 500 | _a"A Stata Press Publication." | ||
| 500 | _aIncludes indexes. | ||
| 650 | 0 | _aStatistics | |
| 650 | 0 | _aStatistics | |
| 650 | 0 | _aSocial sciences | |
| 650 | 0 | _aSocial sciences | |
| 650 | 7 | _aSocial sciences | |
| 650 | 7 | _aSocial sciences | |
| 650 | 7 | _aStatistics | |
| 650 | 7 | _aStatistics | |
| 710 | 2 | _aStataCorp LP. | |
| 942 | _cEK | ||
| 999 |
_c13314 _d13314 |
||